[Event "SR 4. liga A21 2008/2009"]
[Site "?"]
[Date "2008.10.12"]
[Round "1.1"]
[White "Diviak, Rudolf"]
[Black "Jozefek, Michal"]
[Result "1/2-1/2"]
[WhiteElo "1894"]
[BlackElo "1896"]
[PlyCount "113"]
[EventDate "2008.??.??"]

1. e4 e5 2. Nf3 Nc6 3. Bc4 Nf6 4. d3 d6 5. h3 Be7 6. c3 O-O 7. Bb3 d5 8. exd5
Nxd5 9. Qe2 Re8 10. O-O Bf6 11. Nbd2 Nf4 12. Qe4 Qxd3 13. Bc2 Qxe4 14. Nxe4
Ne2+ 15. Kh2 Nxc1 16. Raxc1 Be6 17. Rfe1 Be7 18. Neg5 Bxg5 19. Nxg5 h6 20. Nxe6
Rxe6 21. Bb3 Rf6 22. f3 Rd8 23. Rcd1 Rfd6 24. Rxd6 cxd6 25. Rd1 Ne7 26. Kg1 d5
27. Kf2 Rd6 28. Ke3 f5 29. Kf2 Kf8 30. g3 g5 31. Ke2 Kg7 32. g4 f4 33. Bc2 Rb6
34. Bb3 Rd6 35. Bc2 Kf6 36. Bb3 a5 37. Rd2 b6 38. a4 Rd7 39. Bc4 Ke6 40. Bb5
Rd6 41. Bd3 Kf6 42. Bc2 Nc6 43. Be4 Ke6 44. Bf5+ Ke7 45. Ke1 d4 46. Rh2 dxc3
47. bxc3 Nd8 48. Rb2 Ne6 49. Bxe6 Kxe6 50. Ke2 Rc6 51. Kd3 Kd5 52. Rb5+ Ke6 53.
Ke4 Rc4+ 54. Kd3 Rc6 55. Ke4 Kf6 56. Kd5 Re6 57. Ke4 1/2-1/2

[Event "SR 4. liga A21 2008/2009"]
[Site "?"]
[Date "2008.10.12"]
[Round "1.1"]
[White "Mudroch, Martin"]
[Black "Nemeckayova, Monika"]
[Result "0-1"]
[WhiteElo "1446"]
[BlackElo "1505"]
[PlyCount "68"]
[EventDate "2008.??.??"]

1. e4 e5 2. Nf3 Nc6 3. d4 exd4 4. Nxd4 Qh4 5. c3 Qxe4+ 6. Qe2 Qxe2+ 7. Bxe2
Nxd4 8. cxd4 Bb4+ 9. Bd2 Bxd2+ 10. Nxd2 Nf6 11. O-O O-O 12. Rfe1 d6 13. Bf3 Be6
14. b3 Bd5 15. Rac1 Bxf3 16. Nxf3 Nd5 17. g3 Rfe8 18. Ng5 Rxe1+ 19. Rxe1 h6 20.
Nh3 Kf8 21. Nf4 Nxf4 22. gxf4 Re8 23. Re3 Rxe3 24. fxe3 Ke7 25. Kf2 Ke6 26. Ke2
Kf5 27. Kf3 c5 28. e4+ Ke6 29. d5+ Kf6 30. Ke3 g5 31. h3 b5 32. Kd3 gxf4 33.
Ke2 Ke5 34. Kf3 a5 0-1

[Event "SR 4. liga A21 2008/2009"]
[Site "?"]
[Date "2008.10.12"]
[Round "1.1"]
[White "Nemeckay, Rastislav"]
[Black "Danada, Tomas"]
[Result "1-0"]
[WhiteElo "1749"]
[BlackElo "1508"]
[PlyCount "79"]
[EventDate "2008.??.??"]

1. e4 c6 2. d4 d5 3. Nc3 dxe4 4. Nxe4 Bf5 5. Ng3 Bg6 6. Nf3 Nd7 7. Bd3 Bxd3 8.
Qxd3 Qc7 9. O-O Ngf6 10. c3 e6 11. Re1 Bd6 12. Nf5 O-O 13. Nxd6 Qxd6 14. Bg5
Rfe8 15. Rad1 Rad8 16. Qc2 Qc7 17. h3 Rc8 18. Ne5 Nxe5 19. dxe5 Nd5 20. c4 Ne7
21. Bxe7 Qxe7 22. c5 Red8 23. Rd6 h6 24. Red1 Rxd6 25. exd6 Qd7 26. Rd3 b6 27.
b4 b5 28. Qe2 Kh8 29. Qg4 Rg8 30. Qh4 Re8 31. a4 a6 32. axb5 axb5 33. Ra3 Kg8
34. Qd4 Kh8 35. Qa1 Rb8 36. Ra7 Rb7 37. Rxb7 Qxb7 38. Qa5 Qc8 39. Qc7 Qa8 40.
d7 1-0

[Event "SR 4. liga A21 2008/2009"]
[Site "?"]
[Date "2008.10.12"]
[Round "1.1"]
[White "Pericka, Pavol"]
[Black "Skapik, Branislav"]
[Result "0-1"]
[WhiteElo "1735"]
[BlackElo "1823"]
[PlyCount "62"]
[EventDate "2008.??.??"]

1. e4 c6 2. d4 d5 3. e5 Bf5 4. Nf3 e6 5. c4 c5 6. Qa4+ Qd7 7. Nc3 Qxa4 8. Nxa4
cxd4 9. Nxd4 Bb4+ 10. Bd2 Bxd2+ 11. Kxd2 Ne7 12. f4 Nbc6 13. Nb5 O-O 14. Nc5
dxc4 15. Bxc4 Rfd8+ 16. Nd6 Na5 17. Be2 Nc8 18. g4 Nxd6 19. exd6 Rxd6+ 20. Ke3
Bg6 21. b4 b6 22. Na6 Nc6 23. Rac1 Rad8 24. Rhd1 Kf8 25. Rxd6 Rxd6 26. Bb5 Nd4
27. Rc8+ Ke7 28. Rc7+ Kf6 29. g5+ Kf5 30. Bd3+ Kg4 31. Bxg6 fxg6 0-1

[Event "SR 4. liga A21 2008/2009"]
[Site "?"]
[Date "2008.10.12"]
[Round "1.2"]
[White "Bendzela, Tibor"]
[Black "Planka, Peter"]
[Result "0-1"]
[WhiteElo "1477"]
[BlackElo "1350"]
[PlyCount "66"]
[EventDate "2008.??.??"]

1. e4 e5 2. Nf3 Nc6 3. d4 d6 4. Bb5 Bd7 5. Nc3 exd4 6. Bxc6 dxc3 7. Bxd7+ Qxd7
8. bxc3 Nf6 9. O-O Be7 10. Qd3 O-O 11. Bb2 Qg4 12. e5 Nh5 13. g3 Nf4 14. Qe3
Ne6 15. Nd4 dxe5 16. Nxe6 Qxe6 17. c4 Qxc4 18. Bxe5 Qxc2 19. Rfc1 Qf5 20. Rxc7
Bf6 21. f4 b6 22. a4 Rfc8 23. Rac1 Bxe5 24. Qxe5 Rxc7 25. Qxc7 g6 26. Qb7 Re8
27. Qxa7 Re6 28. Qb8+ Kg7 29. Qd8 Qe4 30. Ra1 Qe3+ 31. Kh1 Qf3+ 32. Kg1 Re2 33.
Qd4+ Kh6 0-1

[Event "SR 4. liga A21 2008/2009"]
[Site "?"]
[Date "2008.10.12"]
[Round "1.2"]
[White "Beran, Jan ml"]
[Black "Kubis, Ivan"]
[Result "0-1"]
[WhiteElo "1757"]
[BlackElo "2042"]
[PlyCount "122"]
[EventDate "2008.??.??"]

1. e4 e5 2. Nf3 Nc6 3. Bb5 a6 4. Bxc6 dxc6 5. d4 exd4 6. Qxd4 Qxd4 7. Nxd4 Bd6
8. O-O c5 9. Ne2 Bd7 10. f4 f6 11. Be3 O-O-O 12. Nbc3 Ne7 13. e5 fxe5 14. fxe5
Bxe5 15. Bxc5 Nc6 16. a3 b6 17. Be3 Rde8 18. Bf4 Bf6 19. Ng3 Rhf8 20. Rab1 Be6
21. Nge4 Bd4+ 22. Kh1 Bf5 23. Bg3 Ne5 24. Ne2 Be3 25. Bxe5 Rxe5 26. N2g3 g6 27.
Rbe1 Bh6 28. Nxf5 gxf5 29. Ng3 Rxe1 30. Rxe1 Kd7 31. c4 Rf6 32. Kg1 Bf8 33. Re5
Bc5+ 34. Kf1 Bd4 35. Re2 c5 36. a4 Kc6 37. b3 b5 38. axb5+ axb5 39. h3 b4 40.
Nh5 Rf8 41. Ra2 f4 42. Ra6+ Kd7 43. Ra7+ Ke6 44. Ke2 Kf5 45. g4+ Ke4 46. Re7+
Be5 47. g5 Ra8 48. Nf6+ Kf5 49. Nd5 Ra3 50. h4 Rxb3 51. Rxh7 Rh3 52. Rf7+ Ke4
53. g6 Rh2+ 54. Kf1 Kf3 55. Kg1 Rg2+ 56. Kh1 b3 57. Nxf4 Ra2 58. Nd3+ Kg3 59.
Rf1 Bd4 60. Rf3+ Kxf3 61. h5 Kg3 0-1

[Event "SR 4. liga A21 2008/2009"]
[Site "?"]
[Date "2008.10.12"]
[Round "1.2"]
[White "Kubik, Peter"]
[Black "Barcaj, Jaroslav"]
[Result "1-0"]
[WhiteElo "1491"]
[BlackElo "1605"]
[PlyCount "29"]
[EventDate "2008.??.??"]

1. e4 c5 2. Nf3 Nc6 3. d4 cxd4 4. Nxd4 d6 5. Bb5 Bd7 6. Nc3 g6 7. Be3 Bg7 8. f4
a6 9. Be2 Rc8 10. O-O e6 11. f5 b5 12. fxe6 fxe6 13. Bg4 Qb6 14. Nf5 Nd4 15.
Nxg7+ 1-0

[Event "SR 4. liga A21 2008/2009"]
[Site "?"]
[Date "2008.10.12"]
[Round "1.2"]
[White "Lanik, Miroslav"]
[Black "Hrubsa, Marian"]
[Result "1/2-1/2"]
[WhiteElo "1702"]
[BlackElo "1909"]
[PlyCount "78"]
[EventDate "2008.??.??"]

1. e4 e6 2. d4 d5 3. e5 c5 4. Nf3 Nc6 5. c3 Qb6 6. a3 cxd4 7. cxd4 Bd7 8. b4 a6
9. Nc3 Rc8 10. Na4 Qc7 11. Bd2 b5 12. Nc5 Bxc5 13. bxc5 Nge7 14. Bd3 Na5 15.
Ng5 Ng6 16. Qf3 Nxe5 17. Qe2 Nxd3+ 18. Qxd3 h6 19. Nf3 Nc4 20. O-O O-O 21. Bc3
Rb8 22. Ne5 Nxe5 23. dxe5 b4 24. axb4 Bb5 25. Qd4 Bxf1 26. Kxf1 Qc6 27. f4 f5
28. exf6 Rxf6 29. Qe5 Rbf8 30. g3 Rd8 31. Kf2 Rd7 32. Qe2 d4 33. Rxa6 Qd5 34.
Bd2 Qh1 35. Rxe6 Qxh2+ 36. Kf3 Qh1+ 37. Kf2 Qh2+ 38. Kf3 Qh5+ 39. Kf2 Qh2+
1/2-1/2

[Event "SR 4. liga A21 2008/2009"]
[Site "?"]
[Date "2008.10.12"]
[Round "1.2"]
[White "Vach, Jozef"]
[Black "Tokos, Rastislav"]
[Result "1-0"]
[WhiteElo "1917"]
[BlackElo "1931"]
[PlyCount "81"]
[EventDate "2008.??.??"]

1. e4 c5 2. c4 Nc6 3. Nf3 e5 4. Nc3 d6 5. d3 h6 6. Be2 Nf6 7. Nd5 Be6 8. O-O
Bxd5 9. cxd5 Ne7 10. Bd2 Ng6 11. Re1 Be7 12. Qc2 O-O 13. a3 Nh7 14. g3 f5 15.
exf5 Rxf5 16. d4 Qf8 17. dxe5 Nxe5 18. Nxe5 Rxe5 19. Bc3 Bf6 20. Bxe5 Bxe5 21.
Kg2 Qf6 22. Rab1 Rf8 23. f4 Bxf4 24. gxf4 Qxf4 25. Kh1 Qg5 26. Bd3 Nf6 27. Rbd1
Ng4 28. Rf1 Re8 29. Qg2 Qh4 30. Qg3 Qg5 31. Bf5 h5 32. h3 Re3 33. Qg2 Qh4 34.
Rd3 Rxd3 35. Be6+ Kh7 36. Qe4+ g6 37. Rf7+ Kh8 38. Rf8+ Kh7 39. Bg8+ Kh8 40.
Bf7+ Kg7 41. Rg8+ 1-0

[Event "SR 4. liga A21 2008/2009"]
[Site "?"]
[Date "2008.10.12"]
[Round "1.3"]
[White "Fidericky, Milan"]
[Black "Nemsak, Denis"]
[Result "1-0"]
[WhiteElo "1866"]
[BlackElo "1476"]
[PlyCount "73"]
[EventDate "2008.??.??"]

1. d4 d5 2. c4 e6 3. Nc3 Nf6 4. Bg5 Be7 5. Nf3 Nc6 6. e3 a6 7. Rc1 h6 8. Bh4
dxc4 9. Bxc4 b5 10. Bb3 Bb7 11. O-O O-O 12. Qe2 Na5 13. Bc2 Nc4 14. b3 Bxf3 15.
gxf3 Nb6 16. Qd3 g6 17. Rfd1 Nfd5 18. Bg3 Bd6 19. Bb1 Rc8 20. Nxd5 Nxd5 21. h4
h5 22. e4 Nb6 23. Qe3 Qe7 24. Rc6 Rfd8 25. Rdc1 e5 26. dxe5 Bxe5 27. Bxe5 Qxe5
28. f4 Qe7 29. Qg3 Rd6 30. e5 Re6 31. Rxe6 Qxe6 32. f5 Qd5 33. fxg6 Qe6 34.
gxf7+ Kxf7 35. Qf4+ Ke7 36. Qg5+ Kf7 37. Bf5 1-0

[Event "SR 4. liga A21 2008/2009"]
[Site "?"]
[Date "2008.10.12"]
[Round "1.3"]
[White "Gasa, Patrik"]
[Black "Strapko, Tomas"]
[Result "0-1"]
[WhiteElo "1350"]
[BlackElo "1436"]
[PlyCount "130"]
[EventDate "2008.??.??"]

1. e4 e5 2. Nf3 Nc6 3. Bc4 Bc5 4. O-O Nf6 5. Re1 O-O 6. c3 d6 7. h3 Re8 8. d4
exd4 9. cxd4 Bb4 10. Nc3 Bxc3 11. bxc3 Nxe4 12. Bd2 d5 13. Bd3 Bf5 14. Rb1 b6
15. Bb5 Qd6 16. Ra1 h6 17. Bd3 Nd8 18. Bb5 Re7 19. c4 c6 20. Ba6 Ne6 21. cxd5
cxd5 22. Bd3 Bh7 23. Rb1 Nxd2 24. Qxd2 Bxd3 25. Qxd3 Rae8 26. Re5 Nxd4 27. Rxe7
Nxf3+ 28. Qxf3 Rxe7 29. Rc1 Qe6 30. Rf1 Qe4 31. Qxe4 Rxe4 32. Rd1 Ra4 33. Rd2
d4 34. Kf1 a6 35. Ke1 Rc4 36. Kd1 b5 37. Rc2 d3 38. Rc1 f5 39. Rxc4 bxc4 40.
Kd2 Kf7 41. f4 Kf6 42. a3 a5 43. g3 g5 44. Kc3 a4 45. Kd2 Ke6 46. Kc3 Kf6 47.
Kd2 h5 48. Kc3 g4 49. h4 Ke6 50. Kd2 Kd5 51. Ke3 Kc5 52. Kd2 Kd4 53. Kc1 c3 54.
Kd1 Ke3 55. Kc1 d2+ 56. Kd1 c2+ 57. Kxc2 Ke2 58. Kb2 d1=Q 59. Ka2 Qb3+ 60. Ka1
Qxa3+ 61. Kb1 Qd3+ 62. Kb2 Kd2 63. Ka1 Kc2 64. Ka2 Qb3+ 65. Ka1 Qb2# 0-1

[Event "SR 4. liga A21 2008/2009"]
[Site "?"]
[Date "2008.10.12"]
[Round "1.3"]
[White "Matejovic, Ludovit"]
[Black "Skapikova, Lubica"]
[Result "1/2-1/2"]
[WhiteElo "1592"]
[BlackElo "1958"]
[PlyCount "92"]
[EventDate "2008.??.??"]

1. e4 e5 2. Nf3 Nc6 3. Bc4 Bc5 4. Nc3 d6 5. h3 Nf6 6. d3 h6 7. O-O O-O 8. Re1
Na5 9. Bb3 c6 10. d4 Nxb3 11. axb3 exd4 12. Nxd4 Re8 13. f3 Nh5 14. Na4 Bb4 15.
Bd2 Bxd2 16. Qxd2 Qf6 17. Rad1 Qg6 18. g4 Nf6 19. c4 h5 20. g5 Nd7 21. h4 f6
22. Nc3 fxg5 23. Qxg5 Qxg5+ 24. hxg5 Ne5 25. f4 c5 26. fxe5 cxd4 27. Rxd4 dxe5
28. Rd5 Bg4 29. Nb5 Re7 30. Nd6 Rf8 31. Rf1 Rxf1+ 32. Kxf1 Kh7 33. Nf5 Re6 34.
Rd7 Rg6 35. Rxb7 Bh3+ 36. Kf2 Rxg5 37. Re7 Rg2+ 38. Ke1 Rxb2 39. Rxg7+ Kh8 40.
Rxa7 Rxb3 41. Ra5 Bxf5 42. exf5 e4 43. f6 Kg8 44. Rxh5 Kf7 45. Re5 Re3+ 46. Kd2
Kxf6 1/2-1/2

[Event "SR 4. liga A21 2008/2009"]
[Site "?"]
[Date "2008.10.12"]
[Round "1.3"]
[White "Nedorost, Lubomir"]
[Black "Havlicek, Peter"]
[Result "1-0"]
[WhiteElo "1588"]
[BlackElo "1684"]
[PlyCount "69"]
[EventDate "2008.??.??"]

1. e4 e6 2. Nc3 c5 3. Nf3 d6 4. Bc4 Nf6 5. d3 Nc6 6. O-O Be7 7. Bf4 O-O 8. e5
dxe5 9. Nxe5 Na5 10. Re1 a6 11. a4 Nxc4 12. Nxc4 Bd7 13. a5 Nd5 14. Nxd5 exd5
15. Nb6 Bf6 16. Nxa8 Qxa8 17. c3 Bc6 18. Be5 Bxe5 19. Rxe5 Qd8 20. d4 Qf6 21.
Qg4 cxd4 22. Qxd4 Qg6 23. Rae1 Qc2 24. b4 h6 25. h3 Qg6 26. R1e3 Qb1+ 27. Kh2
Qf1 28. Kg3 g6 29. Re6 Kh7 30. Re7 Qc4 31. Qf6 g5 32. Rxf7+ Rxf7 33. Qxf7+ Kh8
34. Rf3 Qe4 35. Rf6 1-0

[Event "SR 4. liga A21 2008/2009"]
[Site "?"]
[Date "2008.10.12"]
[Round "1.3"]
[White "Palka, Miroslav"]
[Black "Bardik, Jozef"]
[Result "1-0"]
[WhiteElo "1964"]
[BlackElo "1792"]
[PlyCount "51"]
[EventDate "2008.??.??"]

1. c4 c6 2. g3 e6 3. Bg2 d5 4. d4 Nf6 5. Nf3 Nbd7 6. O-O Bd6 7. c5 Bc7 8. Nc3
b5 9. cxb6 axb6 10. Re1 O-O 11. e4 dxe4 12. Ng5 Bb7 13. Qc2 Rb8 14. Be3 Re8 15.
Ncxe4 h6 16. Nh3 Nd5 17. Qd2 Nxe3 18. fxe3 f5 19. Nc3 Nf6 20. Qc2 Ng4 21. Rad1
Qf6 22. e4 e5 23. dxe5 Bxe5 24. Rd7 Bd4+ 25. Kh1 Qe6 26. Rxd4 1-0

[Event "SR 4. liga A21 2008/2009"]
[Site "?"]
[Date "2008.10.12"]
[Round "1.4"]
[White "Curidlo, Jan"]
[Black "Slaby, Jozef"]
[Result "1/2-1/2"]
[WhiteElo "1979"]
[BlackElo "1930"]
[PlyCount "79"]
[EventDate "2008.??.??"]

1. c4 Nf6 2. Nc3 e6 3. e3 c5 4. g3 Nc6 5. Bg2 Be7 6. Nge2 a6 7. O-O O-O 8. d4
cxd4 9. exd4 Bb4 10. a3 Ba5 11. Bg5 h6 12. Bf4 Bc7 13. Be3 Ng4 14. Bd2 Rb8 15.
Nf4 Nf6 16. Be3 b5 17. d5 Ne5 18. cxb5 Bb6 19. dxe6 dxe6 20. Qxd8 Rxd8 21. Rad1
Rxd1 22. Rxd1 Bxe3 23. Rd8+ Kh7 24. fxe3 axb5 25. Nd1 Nfd7 26. Be4+ g6 27. h4
Nc5 28. Bb1 Kg7 29. Nc3 Nb7 30. Rd1 Na5 31. Bd3 Nac4 32. Bxc4 Nxc4 33. Rd8 Nxb2
34. Ne4 Nc4 35. Nd6 Nxd6 36. Rxd6 Ra8 37. Rd8 Kf6 38. Ne2 Ke7 39. Rd3 Bd7 40.
Rb3 1/2-1/2

[Event "SR 4. liga A21 2008/2009"]
[Site "?"]
[Date "2008.10.12"]
[Round "1.4"]
[White "Ochotnicky, Eduard"]
[Black "Lucansky, Stanislav"]
[Result "1-0"]
[WhiteElo "1476"]
[BlackElo "1350"]
[PlyCount "42"]
[EventDate "2008.??.??"]

1. e4 e5 2. Nf3 d6 3. Bc4 Nf6 4. Ng5 Be7 5. Nxf7 Qd7 6. Nxh8 Nxe4 7. Nf7 d5 8.
Bb3 Kxf7 9. Qf3+ Kg8 10. h3 Nc6 11. Bxd5+ Kh8 12. Bxc6 bxc6 13. O-O Bd6 14. d3
Qe7 15. Nc3 Nf6 16. Ne4 Rb8 17. Nxd6 cxd6 18. Qxc6 Bd7 19. Qf3 h6 20. b3 a5 21.
d4 exd4 1-0

[Event "SR 4. liga A21 2008/2009"]
[Site "?"]
[Date "2008.10.12"]
[Round "1.4"]
[White "Pripko, Bystrik"]
[Black "Sedlak, Rastislav"]
[Result "1-0"]
[WhiteElo "1560"]
[BlackElo "1590"]
[PlyCount "63"]
[EventDate "2008.??.??"]

1. e4 e5 2. Nf3 Nc6 3. Bc4 Nf6 4. Nc3 Bb4 5. O-O O-O 6. d3 h6 7. Nd5 d6 8. h3
Be6 9. Nxb4 Nxb4 10. Bb3 Bxb3 11. axb3 Re8 12. Bd2 Nc6 13. Nh2 Qd7 14. f4 exf4
15. Bxf4 Nd4 16. Bxh6 Re6 17. Bg5 Nh7 18. Be3 Nc6 19. Nf3 Rg6 20. Kh1 a6 21.
Nh4 Re6 22. Qg4 Ne5 23. Qg3 g6 24. Nf3 Nxf3 25. Rxf3 Qe7 26. Raf1 Rf6 27. Rxf6
Nxf6 28. Qg5 Nd5 29. Qxd5 c6 30. Qg5 Re8 31. Qh6 d5 32. Bd4 1-0

[Event "SR 4. liga A21 2008/2009"]
[Site "?"]
[Date "2008.10.12"]
[Round "1.4"]
[White "Siska, Michal"]
[Black "Piestansky, Jan"]
[Result "1/2-1/2"]
[WhiteElo "1628"]
[BlackElo "1597"]
[PlyCount "82"]
[EventDate "2008.??.??"]

1. c4 e5 2. Nc3 d6 3. g3 Nf6 4. Bg2 Be7 5. d3 h6 6. a4 a6 7. Qb3 c6 8. a5 O-O
9. Bd2 Nbd7 10. Na4 Qc7 11. e3 Kh8 12. Ne2 Nh7 13. Nb6 Nxb6 14. axb6 Qd7 15. d4
f6 16. d5 c5 17. h4 f5 18. Bh3 Qe8 19. f4 e4 20. Bc3 Nf6 21. Qa3 Bd7 22. b4 Qd8
23. bxc5 dxc5 24. Qa5 Ng4 25. Bxg4 fxg4 26. Rb1 Bf5 27. Be5 Bd6 28. Bxd6 Qxd6
29. Nc3 Rac8 30. Ke2 Rfe8 31. Qa4 Bd7 32. Qc2 Bf5 33. Rb2 h5 34. Ra1 Kh7 35.
Ra5 Qf6 36. Na4 Qd6 37. Qb3 Bd7 38. Nc3 Bf5 39. Qa3 Bd7 40. Na2 Kh6 41. Nc1 Re7
1/2-1/2

[Event "SR 4. liga A21 2008/2009"]
[Site "?"]
[Date "2008.10.12"]
[Round "1.4"]
[White "Vagovic, Milan"]
[Black "Manak, Adrian"]
[Result "0-1"]
[WhiteElo "1667"]
[BlackElo "1637"]
[PlyCount "76"]
[EventDate "2008.??.??"]

1. d4 c6 2. c4 d5 3. Nc3 e5 4. e3 e4 5. cxd5 cxd5 6. Bb5+ Nc6 7. a3 Nge7 8. b4
g6 9. Bb2 Bg7 10. f3 exf3 11. Nxf3 O-O 12. O-O Nf5 13. Qd3 a5 14. Bxc6 bxc6 15.
Rfe1 Rb8 16. e4 dxe4 17. Rxe4 axb4 18. axb4 c5 19. Ne2 cxb4 20. Qb3 Bb7 21. Rf4
Re8 22. Ne5 Qd5 23. Qxd5 Bxd5 24. Ra5 Ne3 25. Nd7 Rbd8 26. Nf6+ Bxf6 27. Rxf6
Ng4 28. Rf2 Nxf2 29. Kxf2 Bxg2 30. Rb5 Bd5 31. Rxb4 Rb8 32. Ba3 Rxb4 33. Bxb4
f5 34. Bd6 g5 35. Be5 Kf7 36. Nc3 Bc4 37. Kf3 Ra8 38. Kg3 Ra3 0-1

[Event "SR 4. liga A21 2008/2009"]
[Site "?"]
[Date "2008.10.12"]
[Round "1.5"]
[White "Florek, Jozef"]
[Black "Harasta, Marian"]
[Result "1/2-1/2"]
[WhiteElo "1521"]
[BlackElo "1648"]
[PlyCount "108"]
[EventDate "2008.??.??"]

1. e4 e5 2. Nf3 Nc6 3. Bc4 Nf6 4. d3 Bc5 5. Nc3 d6 6. a3 Be6 7. Bxe6 fxe6 8.
Bg5 O-O 9. Qe2 Nd4 10. Nxd4 Bxd4 11. Be3 Bxc3+ 12. bxc3 b6 13. c4 c6 14. Bg5 h6
15. Bxf6 Qxf6 16. O-O d5 17. cxd5 exd5 18. exd5 cxd5 19. Rab1 Rae8 20. Rb5 Qc6
21. Rb4 Rf6 22. c4 a5 23. cxd5 Qxd5 24. Re4 Rd6 25. Rd1 Qc5 26. g3 Rd5 27. Qh5
Rf8 28. Qe2 Rfd8 29. a4 Rd4 30. Rxe5 Qa3 31. Re8+ Rxe8 32. Qxe8+ Kh7 33. Qb5
Qxa4 34. Qf5+ Kg8 35. Re1 Qd7 36. Qxd7 Rxd7 37. Rb1 Rd6 38. Rb5 a4 39. d4 a3
40. Rb3 a2 41. Ra3 Rxd4 42. Rxa2 Kf7 43. Ra7+ Kf6 44. Rb7 Rd6 45. h4 g6 46. Kg2
Ke5 47. g4 Kf4 48. Rh7 g5 49. hxg5 Kxg5 50. Kg3 b5 51. Rb7 Rd3+ 52. f3 Rb3 53.
Rb6 b4 54. Rb5+ Kg6 1/2-1/2

[Event "SR 4. liga A21 2008/2009"]
[Site "?"]
[Date "2008.10.12"]
[Round "1.5"]
[White "Harasta, Juraj"]
[Black "Kicinja, Jan"]
[Result "1-0"]
[WhiteElo "1628"]
[BlackElo "1806"]
[PlyCount "47"]
[EventDate "2008.??.??"]

1. e4 c5 2. Nf3 Nc6 3. d4 cxd4 4. Nxd4 Nf6 5. f3 e6 6. Be3 Be7 7. Be2 a6 8. O-O
Bc5 9. Qd2 Qb6 10. c3 d5 11. b4 Bxd4 12. Bxd4 Nxd4 13. cxd4 dxe4 14. fxe4 Nxe4
15. Qf4 Qxd4+ 16. Kh1 f5 17. Na3 e5 18. Qh4 Be6 19. Bh5+ Bf7 20. Bxf7+ Kxf7 21.
Rad1 Qxb4 22. Rxf5+ Ke6 23. Qh5 g5 24. Qf7# 1-0

[Event "SR 4. liga A21 2008/2009"]
[Site "?"]
[Date "2008.10.12"]
[Round "1.5"]
[White "Harastova, Viera"]
[Black "Dedacek, Miroslav"]
[Result "1/2-1/2"]
[WhiteElo "1658"]
[BlackElo "1630"]
[PlyCount "60"]
[EventDate "2008.??.??"]

1. d4 d5 2. c4 e6 3. Nc3 Nf6 4. Bg5 Be7 5. Nf3 Nbd7 6. e3 O-O 7. Bd3 h6 8. Bh4
b6 9. O-O Bb7 10. Rc1 dxc4 11. Bxc4 Ne4 12. Bxe7 Qxe7 13. Nxe4 Bxe4 14. Nd2 Bb7
15. Qe2 c5 16. Nb3 cxd4 17. Nxd4 Rac8 18. Ba6 Nc5 19. Bxb7 Qxb7 20. Rc2 a6 21.
Rfc1 e5 22. Nf5 Rfd8 23. Qg4 g6 24. Nxh6+ Kh7 25. Qh4 Kg7 26. Ng4 Nd7 27. Qh6+
Kg8 28. Qg5 Kg7 29. Qh6+ Kg8 30. Qg5 Kg7 1/2-1/2

[Event "SR 4. liga A21 2008/2009"]
[Site "?"]
[Date "2008.10.12"]
[Round "1.5"]
[White "Kastler, Peter"]
[Black "Adamec, Jozef"]
[Result "0-1"]
[WhiteElo "1690"]
[BlackElo "1461"]
[PlyCount "102"]
[EventDate "2008.??.??"]

1. d4 d5 2. c4 Nf6 3. Nc3 Bf5 4. Nf3 e6 5. Bg5 Be7 6. Nh4 Nbd7 7. Nxf5 exf5 8.
cxd5 Ne4 9. Bxe7 Qxe7 10. e3 Nxc3 11. bxc3 O-O 12. Bd3 g6 13. O-O Qg5 14. Qf3
Rab8 15. g3 Rfe8 16. Rfe1 Nf6 17. c4 Qg4 18. Qxg4 Nxg4 19. e4 fxe4 20. Bxe4 Nf6
21. Bg2 Rxe1+ 22. Rxe1 Kf8 23. Kf1 b6 24. a4 a5 25. Rb1 Nd7 26. c5 bxc5 27.
Rxb8+ Nxb8 28. dxc5 Ke7 29. Bf3 Nd7 30. c6 Nb6 31. Bd1 Nxd5 32. Bb3 Kd6 33. Ke2
Kxc6 34. Kd3 f6 35. Kd4 Nb6 36. Bf7 Kd6 37. Bb3 c5+ 38. Ke4 f5+ 39. Kd3 h6 40.
f3 g5 41. Kc3 Ke5 42. Kd3 f4 43. g4 c4+ 44. Bxc4 Nxa4 45. Bb5 Nb6 46. Kc3 a4
47. Bd3 Kd5 48. Be4+ Kc5 49. Bb1 Nd5+ 50. Kd3 Kb4 51. Kc2 Nc3 0-1

[Event "SR 4. liga A21 2008/2009"]
[Site "?"]
[Date "2008.10.12"]
[Round "1.5"]
[White "Kurinec, Jozef"]
[Black "Brisudova, Veronika"]
[Result "1/2-1/2"]
[WhiteElo "1757"]
[BlackElo "1777"]
[PlyCount "46"]
[EventDate "2008.??.??"]

1. e4 c5 2. Nf3 d6 3. d4 cxd4 4. Nxd4 Nf6 5. Nc3 a6 6. Be2 e6 7. O-O Be7 8. Be3
O-O 9. Kh1 b5 10. a3 Bb7 11. Bf3 Nbd7 12. g3 Ne5 13. Bg2 Nc4 14. Bc1 Qc7 15. b3
Nb6 16. Bb2 d5 17. exd5 Nfxd5 18. Nxd5 Nxd5 19. Qe1 Bf6 20. Rc1 Qb6 21. c3 Rac8
22. Ne2 Rfd8 23. Rc2 Ne7 1/2-1/2

[Event "SR 4. liga A21 2008/2009"]
[Site "?"]
[Date "2008.10.12"]
[Round "1.6"]
[White "Bjel, Tomas"]
[Black "Hanzalik, Alojz"]
[Result "1-0"]
[WhiteElo "1623"]
[BlackElo "1380"]
[PlyCount "73"]
[EventDate "2008.??.??"]

1. e4 c5 2. Nf3 d6 3. d4 cxd4 4. Nxd4 a6 5. Bc4 e6 6. O-O b6 7. Nc3 Bb7 8. Be3
Be7 9. Qg4 g6 10. Qg3 Nd7 11. Rad1 Ngf6 12. Bd3 Nh5 13. Qg4 Ne5 14. Qe2 O-O 15.
f4 Nxd3 16. Rxd3 Qc8 17. f5 e5 18. fxg6 fxg6 19. Rxf8+ Bxf8 20. Nf3 Nf6 21.
Bxb6 Nh5 22. Be3 Be7 23. Nd5 Bxd5 24. Rxd5 Nf6 25. Rd1 Nxe4 26. Qd3 Qc6 27. c4
Rd8 28. b3 Kg7 29. Nd2 Ng5 30. Rf1 Bf6 31. Rxf6 Kxf6 32. Qf1+ Kg7 33. Bxg5 Rd7
34. Qf6+ Kg8 35. Bh6 Qc8 36. Qe6+ Rf7 37. Qxc8+ 1-0

[Event "SR 4. liga A21 2008/2009"]
[Site "?"]
[Date "2008.10.12"]
[Round "1.6"]
[White "Blatnicky, Miroslav"]
[Black "Cerovsky, Marian"]
[Result "1/2-1/2"]
[WhiteElo "2107"]
[BlackElo "1805"]
[PlyCount "87"]
[EventDate "2008.??.??"]

1. e4 e5 2. Nf3 Nc6 3. Bb5 a6 4. Ba4 Nf6 5. O-O b5 6. Bb3 Be7 7. c3 O-O 8. Re1
h6 9. d4 d6 10. h3 Bd7 11. a4 exd4 12. axb5 axb5 13. Rxa8 Qxa8 14. cxd4 Na5 15.
Bc2 Rd8 16. Qe2 Nh7 17. Nc3 c6 18. d5 b4 19. dxc6 Bxc6 20. Nd5 Bxd5 21. exd5
Bf6 22. Qd3 Nf8 23. Qf5 Qc8 24. Qe4 Qc4 25. Qxc4 Nxc4 26. Re4 Rc8 27. Bf4 Bxb2
28. Bb3 Ne5 29. Bxe5 dxe5 30. Rxb4 Rc1+ 31. Kh2 Ba3 32. Ra4 Bd6 33. g3 Rc3 34.
Bd1 Rd3 35. Ra6 Rxd5 36. Bc2 Bc7 37. Kg2 Rc5 38. Be4 g6 39. Ra8 Kg7 40. Nh4 Ne6
41. Rc8 Ng5 42. Bb1 Rc1 43. Nf3 Nxf3 44. Kxf3 1/2-1/2

[Event "SR 4. liga A21 2008/2009"]
[Site "?"]
[Date "2008.10.12"]
[Round "1.6"]
[White "Damborsky, Pavol"]
[Black "Lanyi, Frantisek"]
[Result "1/2-1/2"]
[WhiteElo "1664"]
[BlackElo "1743"]
[PlyCount "50"]
[EventDate "2008.??.??"]

1. c4 e5 2. Nc3 Nf6 3. e4 Nc6 4. d3 Bb4 5. Bd2 h6 6. Nf3 d6 7. h3 O-O 8. a3 Ba5
9. Be2 a6 10. O-O Nh5 11. Qc2 Nf6 12. Be3 Ne7 13. b4 Bb6 14. Bxb6 cxb6 15. Rad1
Ng6 16. Nh2 Nf4 17. Bf3 Qc7 18. Ne2 Nxe2+ 19. Qxe2 Be6 20. Rc1 Rac8 21. Bg4 Qd7
22. Bxe6 Qxe6 23. f4 Nd7 24. f5 Qe7 25. Ng4 f6 1/2-1/2

[Event "SR 4. liga A21 2008/2009"]
[Site "?"]
[Date "2008.10.12"]
[Round "1.6"]
[White "Krchnak, Rudolf"]
[Black "Dubecky, Ladislav"]
[Result "1-0"]
[WhiteElo "1930"]
[BlackElo "1549"]
[PlyCount "95"]
[EventDate "2008.??.??"]

1. d4 Nf6 2. Nc3 e6 3. e4 Be7 4. Bd3 O-O 5. Be3 Nc6 6. a3 d6 7. Nf3 Ng4 8. Qd2
Nxe3 9. Qxe3 b6 10. O-O-O Bd7 11. h4 h6 12. e5 f5 13. Ne2 Qe8 14. Nf4 d5 15. h5
Nd8 16. Ng6 Rf7 17. Nxe7+ Qxe7 18. Nh4 Rc8 19. Ng6 Qe8 20. Ba6 Rb8 21. Bd3 Bb5
22. Nf4 Bxd3 23. Qxd3 c5 24. c3 c4 25. Qc2 a5 26. Rh3 b5 27. Rg3 Ra7 28. Kd2 b4
29. axb4 axb4 30. Rh3 bxc3+ 31. Rxc3 Rab7 32. Rb1 Qb5 33. Ke3 Qe8 34. Ra3 Nf7
35. f3 Qe7 36. Rc3 Rb6 37. Qc1 Qa7 38. Ra1 Qb7 39. Rb1 Ng5 40. Qc2 Rxb2 41.
Rxb2 Qxb2 42. Qxb2 Rxb2 43. Ra3 Rb6 44. Ra8+ Kh7 45. Ng6 Rb3+ 46. Kd2 Rb2+ 47.
Kc1 Rxg2 48. Rh8# 1-0